La prostitución y las casas de juego consideradas bajo el punto de vista político, legal, moral y económico, según el derecho natural de los pueblos y de los ciudadanos libres : (Record no. 166844)

MARC details
000 -LEADER
campo de control de longitud fija 01378nam a22002655i 4500
001 - NÚMERO DE CONTROL
campo de control 166844
003 - IDENTIFICADOR DE NÚMERO DE CONTROL
campo de control ES-MaACL
005 - FECHA Y HORA DE LA ÚLTIMA TRANSACCIÓN
campo de control 20250720063056.0
008 - DATOS DE LONGITUD FIJA--INFORMACIÓN GENERAL
campo de control de longitud fija 050920s1872 sp | |||||||| ||spa d
040 ## - FUENTE DE CATALOGACIÓN
Centro catalogador/agencia de origen CAM
Lengua de catalogación spa
Centro/agencia transcriptor CAM
100 1# - ENTRADA PRINCIPAL--NOMBRE DE PERSONA
Nombre de persona Perales, Juan Bautista,
Fechas asociadas al nombre 1837-1904
Término indicativo de función/relación Autor
9 (RLIN) 130986
245 13 - MENCIÓN DEL TÍTULO
Título La prostitución y las casas de juego consideradas bajo el punto de vista político, legal, moral y económico, según el derecho natural de los pueblos y de los ciudadanos libres :
Resto del título folleto dirigido a combatir los errores ... /
Mención de responsabilidad, etc. escrito por Fernando de Vahillo
260 ## - PUBLICACIÓN, DISTRIBUCIÓN, ETC.
Lugar de publicación, distribución, etc. Madrid :
Nombre del editor, distribuidor, etc. [s.n.],
Fecha de publicación, distribución, etc. 1872
Fabricante (Imp. de Tomás Rey)
300 ## - DESCRIPCIÓN FÍSICA
Extensión 90 páginas ;
Dimensiones 16 cm.
530 ## - NOTA DISPONIBLE DE FORMULARIO FÍSICO ADICIONAL
Nota de formato físico adicional disponible Disponible en formato digital
594 ## - Nota al título y mención de responsabilidad
Nota al título y mención de responsabilidad Fernando de Vahillo es seudónimo de Juan Bautista Perales
650 #4 - PUNTO DE ACCESO ADICIONAL DE MATERIA--TÉRMINO DE MATERIA
Término de materia o nombre geográfico como elemento de entrada Prostitución-
Subdivisión geográfica Madrid-
Subdivisión cronológica S.XIX
9 (RLIN) 16511
651 #4 - PUNTO DE ACCESO ADICIONAL DE MATERIA--NOMBRE GEOGRÁFICO
Nombre geográfico Madrid-
Subdivisión general Usos y costumbres-
Subdivisión cronológica S.XIX
9 (RLIN) 8988
852 ## - LOCALIZACIÓN
Ubicación ES-MaACL
Ubicación en estantería Depósito folletos
Donativo/Legado Legado Manuel de la Fuente y Mondéjar
Número de control de estantería Fol-Laf-482
852 ## - LOCALIZACIÓN
Ubicación ES-MaACL
Marcas de propiedad Ex-libris ms. de Augusto Charro Hidalgo
Donativo/Legado Legado Charro Hidalgo
Número de control de estantería T-876-F-2
Encuadernación Enc. en un vol. facticio
-- Holandesa, conservando cub. original
856 ## - LOCALIZACIÓN Y ACCESO ELECTRÓNICOS
Identificador Uniforme de Recursos <a href="http://bdh-rd.bne.es/viewer.vm?id=0000092151&page=1 ">http://bdh-rd.bne.es/viewer.vm?id=0000092151&page=1 </a>
Texto de enlace Versión en línea
Nota pública (Biblioteca Digital Hispánica)
942 ## - ELEMENTOS DE ENTRADA SECUNDARIOS (KOHA)
Fuente del sistema de clasificación o colocación Clasificación decimal universal
Tipo de ítem Koha Folleto
Suprimir en OPAC No
Holdings
Estatus retirado Estado de pérdida Fuente del sistema de clasificación o colocación Estado de daño No para préstamo Colección Biblioteca de origen Biblioteca actual Ubicación en estantería Fecha de adquisición Fuente de adquisición Total de préstamos Signatura topográfica completa Código de barras Visto por última vez Tipo de ítem Koha
    Clasificación decimal universal     Colección de folletos Biblioteca del Ateneo de Madrid Biblioteca del Ateneo de Madrid Depósito folletos 17/01/2008 Legado   T-876-F-2 1175010 23/02/2023 Folleto
    Clasificación decimal universal     Colección de folletos Biblioteca del Ateneo de Madrid Biblioteca del Ateneo de Madrid Depósito folletos 17/01/2008 Legado   Fol-Laf-482 1175009 23/02/2023 Folleto